000 00393nam a22001457a 4500
005 20200610133239.0
008 200610b xxu||||| |||| 00| 0 eng d
082 _a345.4 AIR
110 _aALL INDIA REPORTER
_95925
245 _aALL INDIA REPORTER [1976] [VOL-63] SUPREME COURT SECTION
260 _bALL INDIA REPORTER, PVT . LTD.
300 _a1392;p
650 _aLAW
_95701
942 _cJRL
999 _c6987
_d6985